| 000 | 02187nam2a2200277 4500 | ||
|---|---|---|---|
| 001 | rc\2986182 | ||
| 005 | 20260315062835.0 | ||
| 035 | _a(NLR Aleph) 007130665 | ||
| 090 |
_a13612409 _c13612409 |
||
| 100 | _a20110912d1938 u y0rusy50 ca | ||
| 101 | 0 | _arus | |
| 102 | _aRU | ||
| 105 | _aa z ||||| | ||
| 200 | 0 |
_aТ. 2 _hЧ. 3 _iОбоснование устройства рельсовой колеи на прямых и кривых _fГ.М. Шахунянц _hЧ. 4 _iСоединения и перечисления рельсовых путей _fА. Н. Стаханов _hЧ. 5 _iРасчет верхнего строения пути _fН. Т. Митюшин _gНКПС, Центр. упр. учеб. заведениями |
|
| 210 | _d1938 | ||
| 215 |
_a496 с., 5 вкл. л. черт. _cил., черт. _d27 см |
||
| 461 | 0 |
_1001rc\2986180 _12000#$aУстройство пути и способы его лечения$eУтв. Центр. упр. учеб. заведениями Нар. ком. пут. сообщ. в качестве учебника для втузов ж.-д. транспорта$fВеденисов Б.Н., Митюшин Н.Т., Стаханов А.Н., Шахунянц Г.М.$gПод общ. ред. проф. Веденисова Б.Н. и проф. Митюшина Н.Т.$gНКПС, Центр. упр. учеб. заведениями$vТ. 2 _96956032 _cМосква _d1938 _fВеденисов Б.Н., Митюшин Н.Т., Стаханов А.Н., Шахунянц Г.М. _nизд-во и 1 тип. Трансжелдориздата _oУтв. Центр. упр. учеб. заведениями Нар. ком. пут. сообщ. в качестве учебника для втузов ж.-д. транспорта _tУстройство пути и способы его лечения _vТ. 2 |
|
| 701 | 1 |
_7ca _8rus _aШахунянц _bГ. М. _f1904-1980 _gГеоргий Михайлович _9153076 _3RU\NLR\AUTH\770153114 |
|
| 701 | 1 |
_aСтаханов _bА.Н. |
|
| 701 | 1 |
_aМитюшин _bН.Т. |
|
| 801 | 0 |
_aRU _bNLR _gpsbo |
|
| 801 | 1 |
_aRU _bELAR _2rusmarc |
|
| 852 |
_aNLR _j38-19/36(2) |
||
| 942 | _cUNSPEC | ||
| 980 | _aNB | ||